|
|
|
|
| LEADER |
00949nam a22002417a 4500 |
| 001 |
41661 |
| 003 |
BD-DhAAL |
| 008 |
230814t2021 ||||| |||| 00| 0 eng d |
| 020 |
|
|
|a 9786137355930
|
| 040 |
|
|
|a BD-DhAAL
|d BD-DhAAL
|
| 082 |
|
|
|a 320.95492
|2 23
|
| 100 |
|
|
|a Mollah, Md. Awal Hossain.
|9 55360
|
| 245 |
|
|
|a Contemporary issues of politics and governance in Bangladesh /
|c Md. Awal Hossain Mollah.
|
| 260 |
|
|
|a [place not identified] :
|b Dictus Publishing,
|c c2021.
|
| 300 |
|
|
|a xvi, 479 pages ;
|c 23 cm.
|
| 504 |
|
|
|a Includes bibliographical references.
|
| 526 |
|
|
|a GenEd
|
| 541 |
|
|
|a Karim International
|e 41661
|
| 651 |
|
|
|a Bangladesh
|x politics and governement.
|9 55361
|
| 852 |
|
|
|a Ayesha Abed Library
|c General Stacks
|
| 942 |
|
|
|2 ddc
|c BK
|
| 999 |
|
|
|c 44815
|d 44815
|
| 952 |
|
|
|0 0
|1 0
|2 ddc
|4 0
|6 320_954920000000000_MOL
|7 0
|9 74194
|a SCL
|b SCL
|c GEN
|d 2023-08-08
|e Trim Education
|g 17550.00
|l 0
|o 320.95492 MOL
|p 3020041661
|r 2023-08-08
|t 1
|v 17550.00
|w 2023-08-08
|y BK
|